[Event "Zalakaros Barczay Memorial 2020"]
[Site "Zalakaros"]
[Date "2020.08.31"]
[Round "1.11"]
[White "Bodrogi, Bendeguz"]
[Black "Borsfai, Attila"]
[Result "1-0"]
[WhiteElo "2078"]
[BlackElo "1684"]
[Annotator "NA"]
[PlyCount "135"]
[EventDate "2020.08.31"]
[EventType "swiss"]
[EventCountry "HUN"]
[SourceTitle "playchess.com"]
[Source "ChessBase"]
[SourceQuality "1"]
[TimeControl "40/5400+30:1800+30"]

1. c4 {[%emt 0:00:17]} Nf6 {[%emt 0:00:29]} 2. Nc3 {[%emt 0:00:20]} d6 {[%emt 0:02:46]} 3. g3 {[%emt 0:00:48]} c6 {[%emt 0:01:15]} 4. Bg2 {[%emt 0:00:12]} g6 {[%emt 0:02:07]} 5. Nf3 {[%emt 0:00:12]} Bg7 {[%emt 0:00:10]} 6. O-O {[%emt 0:00:19]} O-O {[%emt 0:00:07]} 7. b3 {[%emt 0:00:58]} Qc7 {[%emt 0:06:52] A16: English Opening: 1...Nf6 with ...d5.} 8. Bb2 {[%emt 0:00:20]} e5 {[%emt 0:02:25] [#]} 9. Rc1 $146 {[%emt 0:01:57]} ({Predecessor:} 9. Qc2 Nbd7 10. d4 Re8 11. e3 a6 12. Rac1 Nf8 13. Rfd1 Bf5 14. e4 Bg4 15. d5 c5 16. h3 Bxf3 17. Bxf3 h5 18. h4 N8h7 19. Kg2 {1-0 (61) Gritsak,O (2497)-Maliutin,O (2319) Lutsk 2017}) 9... Qe7 {[%emt 0:02:33]} 10. e4 {[%emt 0:03:51]} Nh5 {[%emt 0:02:57]} 11. d4 {[%emt 0:01:20]} f5 {[%emt 0:08:24]} 12. exf5 {[%emt 0:03:44]} Bxf5 {[%emt 0:00:33]} 13. Re1 {[%emt 0:00:55]} Nd7 {[%emt 0:03:50]} 14. dxe5 {[%emt 0:04:39]} dxe5 {[%emt 0:01:33]} 15. Nd4 {[%emt 0:05:12]} Qf6 {[%emt 0:02:54]} 16. Nxf5 {[%emt 0:02:18]} Qxf5 {[%emt 0:00:22]} 17. Qe2 {[%emt 0:00:28]} Nhf6 {[%emt 0:01:47]} 18. Rcd1 {[%emt 0:01:18]} Rad8 {[%emt 0:01:44]} 19. Ne4 {[%emt 0:04:48]} Nxe4 {[%emt 0:05:39]} 20. Bxe4 {[%emt 0:00:15]} Qg5 {[%emt 0:01:14]} 21. Ba3 {[%emt 0:01:30]} Rfe8 {[%emt 0:00:23]} 22. h4 {[%emt 0:00:11]} Qf6 {[%emt 0:01:05]} 23. Rd6 {[%emt 0:00:30]} Qf7 {[%emt 0:00:31]} 24. Rd3 {[%emt 0:14:02]} Nf6 $16 {[%emt 0:02:58]} 25. Red1 {[%emt 0:01:17]} Rxd3 {[%emt 0:00:34]} 26. Rxd3 {[%emt 0:02:27]} Nxe4 {[%emt 0:00:52]} 27. Qxe4 {[%emt 0:00:10]} Bf8 {[%emt 0:02:05]} 28. Bd6 {[%emt 0:07:48]} Qf5 {[%emt 0:06:33]} 29. Qe2 {[%emt 0:05:10]} Bxd6 {[%emt 0:03:54]} 30. Rxd6 {[%emt 0:00:30]} e4 {[%emt 0:02:47]} 31. Qe3 {[%emt 0:05:02]} a6 {[%emt 0:00:40]} 32. Kg2 {[%emt 0:02:33]} Rf8 {[%emt 0:06:13]} 33. Qd4 {[%emt 0:02:47]} Qf3+ {[%emt 0:07:56]} 34. Kg1 {[%emt 0:01:17]} e3 {[%emt 0:00:34]} 35. Qxe3 {[%emt 0:00:42]} Qxe3 {[%emt 0:00:10]} 36. fxe3 {[%emt 0:00:07]} Rf3 {[%emt 0:00:24]} 37. Rd8+ {[%emt 0:02:07]} Kg7 {[%emt 0:01:09]} 38. Rd7+ {[%emt 0:00:07]} Kh6 {[%emt 0:00:23]} 39. Rxb7 {[%emt 0:00:08]} Rxg3+ {[%emt 0:00:16]} 40. Kf2 {[%emt 0:00:00]} Rh3 {[%emt 0:00:00]} 41. Rb6 {[%emt 0:00:31]} Rh2+ {[%emt 0:00:35]} 42. Kg3 {[%emt 0:00:27]} Rxa2 {[%emt 0:00:04]} 43. Rxc6 {[%emt 0:00:15]} Rb2 {[%emt 0:01:21]} 44. Rb6 {[%emt 0:01:53]} a5 {[%emt 0:00:08]} 45. Rb5 {[%emt 0:00:07]} Kg7 {[%emt 0:00:33]} 46. Kf4 {[%emt 0:01:16]} h6 {[%emt 0:01:13]} 47. e4 {[%emt 0:01:25]} Rh2 {[%emt 0:01:17]} 48. Kg3 {[%emt 0:03:37]} Re2 {[%emt 0:01:06]} 49. Kf3 {[%emt 0:00:25]} Rh2 {[%emt 0:00:02]} 50. Rxa5 {[%emt 0:00:35]} Rh3+ {[%emt 0:00:13]} 51. Kg4 {[%emt 0:03:00]} Rxb3 {[%emt 0:00:13]} 52. Ra7+ {[%emt 0:06:57]} Kf6 {[%emt 0:00:07]} 53. Ra6+ {[%emt 0:00:12]} Kf7 {[%emt 0:00:04]} 54. h5 {[%emt 0:00:31]} gxh5+ {[%emt 0:00:44]} 55. Kf5 {[%emt 0:01:18]} Rc3 {[%emt 0:01:02]} 56. Ra7+ {[%emt 0:03:49]} Ke8 {[%emt 0:00:09]} 57. Ke6 {[%emt 0:00:14]} Kd8 {[%emt 0:00:02]} 58. Kd5 {[%emt 0:00:19]} Rd3+ {[%emt 0:00:02]} 59. Ke5 {[%emt 0:00:58]} Rg3 {[%emt 0:01:40]} 60. Ra6 {[%emt 0:00:33]} Kd7 {[%emt 0:01:49]} 61. Rxh6 {[%emt 0:00:30]} Rg5+ {[%emt 0:00:08]} 62. Kd4 {[%emt 0:00:49]} Kc7 {[%emt 0:00:31]} 63. e5 {[%emt 0:00:16]} Kd7 {[%emt 0:00:02]} 64. Kd5 {[%emt 0:00:10]} Ke7 {[%emt 0:00:15]} 65. c5 {[%emt 0:00:08]} Kd7 {[%emt 0:00:42]} 66. c6+ {[%emt 0:00:13]} Ke7 {[%emt 0:00:28]} 67. Rh7+ {[%emt 0:00:36]} Kd8 {[%emt 0:00:06]} 68. Kd6 {[%emt 0:00:19]} 1-0

[Event "Zalakaros Barczay Memorial 2020"]
[Site "Zalakaros"]
[Date "2020.09.01"]
[Round "2.1"]
[White "Piroska, Istvan"]
[Black "Aczel, Gergely"]
[Result "0-1"]
[WhiteElo "2131"]
[BlackElo "2532"]
[Annotator "RC"]
[PlyCount "80"]
[EventDate "2020.08.31"]
[EventType "swiss"]
[EventCountry "HUN"]
[SourceTitle "playchess.com"]
[Source "ChessBase"]
[SourceQuality "1"]
[TimeControl "40/5400+30:1800+30"]

1. e4 {[%emt 0:00:09]} c5 {[%emt 0:00:02]} 2. Nf3 {[%emt 0:00:11]} e6 {[%emt 0:00:04]} 3. d4 {[%emt 0:00:11]} cxd4 {[%emt 0:00:05]} 4. Nxd4 {[%emt 0:00:09]} Nf6 {[%emt 0:00:04]} 5. Nc3 {[%emt 0:00:22]} Bb4 {[%emt 0:00:04]} 6. e5 {[%emt 0:00:59]} Nd5 {[%emt 0:00:06]} 7. Qg4 {[%emt 0:00:36]} Kf8 {[%emt 0:00:12]} 8. Bd2 {[%emt 0:04:10]} h5 {[%emt 0:00:05]} 9. Qg3 {[%emt 0:04:18]} h4 {[%emt 0:00:04]} 10. Qg4 {[%emt 0:01:25]} Nc6 {[%emt 0:00:04]} 11. Nxc6 {[%emt 0:01:24]} bxc6 {[%emt 0:00:14]} 12. Bd3 {[%emt 0:04:55]} Qa5 {[%emt 0:07:00]} 13. a3 {[%emt 0:02:30]} Ba6 {[%emt 0:19:30]} 14. O-O {[%emt 0:04:21]} Bxc3 {[%emt 0:00:55]} 15. bxc3 {[%emt 0:02:23]} h3 {[%emt 0:01:06]} 16. Rfd1 {[%emt 0:07:25]} Bxd3 {[%emt 0:16:14]} 17. cxd3 {[%emt 0:01:48]} Ne7 {[%emt 0:00:28]} 18. d4 {[%emt 0:01:41]} Nf5 {[%emt 0:07:35]} 19. g3 {[%emt 0:03:14]} Qd5 {[%emt 0:28:13]} 20. f3 {[%emt 0:00:51]} f6 {[%emt 0:04:59]} 21. Qe4 {[%emt 0:05:38]} Rb8 {[%emt 0:02:09]} 22. Rab1 {[%emt 0:14:18]} Kf7 {[%emt 0:00:02]} 23. exf6 {[%emt 0:02:06]} gxf6 {[%emt 0:00:15]} 24. g4 {[%emt 0:01:01]} Qxe4 {[%emt 0:03:45]} 25. fxe4 {[%emt 0:00:10]} Rxb1 {[%emt 0:00:04]} 26. Rxb1 {[%emt 0:00:11]} Nd6 {[%emt 0:00:06]} 27. Kf2 {[%emt 0:03:57]} Nxe4+ {[%emt 0:00:18]} 28. Ke3 {[%emt 0:00:09]} Nxd2 {[%emt 0:02:08]} 29. Kxd2 {[%emt 0:00:08]} Rg8 {[%emt 0:00:04]} 30. Rg1 {[%emt 0:00:55]} f5 {[%emt 0:01:03]} 31. g5 {[%emt 0:00:19]} Rb8 {[%emt 0:00:08]} 32. Kc2 {[%emt 0:00:29]} Kg6 {[%emt 0:00:07]} 33. Rg3 {[%emt 0:00:09]} Rh8 {[%emt 0:00:15]} 34. Kd3 {[%emt 0:00:34]} Rh5 {[%emt 0:02:19]} 35. Ke3 {[%emt 0:00:27]} d6 {[%emt 0:00:17]} 36. c4 {[%emt 0:00:22]} e5 {[%emt 0:00:12]} 37. dxe5 {[%emt 0:00:58]} dxe5 {[%emt 0:00:01]} 38. Kf2 {[%emt 0:00:19]} f4 {[%emt 0:03:07]} 39. Rd3 {[%emt 0:00:17]} Kxg5 {[%emt 0:01:31]} 40. Rd6 {[%emt 0:00:00]} Rh6 {[%emt 0:00:00]} 0-1

[Event "Zalakaros Barczay Memorial 2020"]
[Site "Zalakaros"]
[Date "2020.09.01"]
[Round "2.2"]
[White "Kaczur, Florian"]
[Black "Biro, Sandor"]
[Result "1-0"]
[WhiteElo "2488"]
[BlackElo "2141"]
[Annotator "TA"]
[PlyCount "69"]
[EventDate "2020.08.31"]
[EventType "swiss"]
[EventCountry "HUN"]
[SourceTitle "playchess.com"]
[Source "ChessBase"]
[SourceQuality "1"]

{[%evp 9,69,14,31,13,22,24,25,25,56,35,46,20,40,37,54,68,68,33,36,22,90,25,26,24,24,22,42,38,87,100,137,110,166,136,370,373,365,373,360,366,345,355,400,379,469,479,460,339,541,528,604,387,715,287,262,240,240,159,160,148,141,131]} 1. e4 Nc6 2. Bb5 a6 3. Bxc6 bxc6 4. Nf3 e6 5. d3 {[#]} Ne7 $146 ({Predecessor:} 5... Bb7 6. Nc3 Bb4 7. Bd2 d5 8. O-O Ne7 9. Re1 O-O 10. a3 Ba5 11. Na4 Bb6 {0-1 (31) Shirbegi,M-Salimi Silabi,H Urmia 2012}) 6. b3 {B00: Queen's Fianchetto Defence, Nimzowitsch Defence.} Ng6 7. Bb2 d6 8. d4 {White has an edge.} Bd7 9. Nc3 Be7 10. Qd2 O-O 11. O-O-O f5 12. e5 a5 13. g3 f4 {[#] Strongly threatening ...fxg3.} 14. Qd3 a4 (14... Bc8 $11 {remains equal.} 15. exd6 cxd6) 15. h4 (15. bxa4 Bc8 $15) (15. Nxa4 $16 Bc8 16. g4) 15... axb3 $11 16. axb3 fxg3 17. fxg3 d5 18. Na4 Rxa4 19. bxa4 Qa8 20. h5 Nh8 21. h6 {Black must now prevent hxg7.} g5 $2 {This move loses the game for Black.} (21... g6 $16 {might work better.}) 22. Ba3 $18 c5 23. Bxc5 Bxc5 24. dxc5 Qxa4 {[#]} 25. Qc3 $1 ({Stronger than} 25. Nxg5 Qa1+ 26. Kd2 Qa5+ 27. Ke3 Qxc5+ 28. Kd2 Qa5+ 29. Kc1 Qa1+ 30. Kd2 Qa5+ 31. Ke3 Qc5+ 32. Kd2 Qa5+ $11) 25... Ng6 26. Nd4 Rb8 27. c6 Bc8 28. Nb3 Rb6 (28... Ra8 {is a better defense.} 29. Rhf1 Ba6) 29. Rhf1 Ba6 30. Rf2 Rxc6 $2 (30... Qxc6 31. Qe3 Qe8 32. Qxg5 Bc4) 31. Qf3 (31. Nc5 $142) 31... Qa3+ 32. Kb1 {Qf7+ would kill now.} Qe7 {White is clearly better.} 33. Qf6 Qxf6 34. Rxf6 ({Much worse is} 34. exf6 $6 Ne5 $11) 34... Nxe5 {...Ng4 is the strong threat.} 35. Re1 {Accuracy: White = 56%, Black = 48%.} 1-0

[Event "Zalakaros Barczay Memorial 2020"]
[Site "Zalakaros"]
[Date "2020.09.01"]
[Round "2.3"]
[White "Boronyak, Arpad"]
[Black "Horvath, Adam"]
[Result "0-1"]
[WhiteElo "2120"]
[BlackElo "2497"]
[Annotator "TA"]
[PlyCount "96"]
[EventDate "2020.08.31"]
[EventType "swiss"]
[EventCountry "HUN"]
[SourceTitle "playchess.com"]
[Source "ChessBase"]
[SourceQuality "1"]

{[%evp 23,96,29,33,0,7,0,0,2,6,-14,0,-10,-2,-15,-9,-9,0,-63,-52,-49,212,-54,-65,-47,-47,-62,-50,-150,-174,-161,-166,-188,-187,-187,-170,-173,-171,-169,-139,-154,-146,-134,-116,-112,-122,-141,-143,-160,-149,-204,-216,-221,-221,-220,-217,-297,-288,-293,-289,-279,-258,-706,-708,-4825,-4794,-2805,-2834,-2418,-2172,-1973,-1994,-1618,-1547,-1226,-847]} 1. e4 c5 2. Nc3 Nc6 3. g3 g6 4. Bg2 Bg7 5. d3 e6 6. Be3 d6 7. Nge2 Nd4 8. O-O Ne7 9. Qd2 O-O 10. Nd1 Nxe2+ 11. Qxe2 Nc6 12. Qd2 Rb8 13. c3 {B26: Closed Sicilian: 3 g3, lines with early Be3.} b5 14. Bh6 {[#]} Bxh6 $146 ({Predecessor:} 14... b4 15. Bxg7 Kxg7 16. Ne3 h5 17. f4 Ba6 18. f5 Ne5 19. f6+ Kh7 20. c4 Bb7 {1-0 (30) Phan,L (1793)-Lam,D (1396) Ho Chi Minh 2019}) 15. Qxh6 {The position is equal.} b4 16. Ne3 bxc3 17. bxc3 Ba6 18. Rfd1 Rb2 19. f4 Qf6 20. e5 (20. Ng4 $11 Qg7 21. Rab1 (21. e5 Qxh6 22. Nxh6+ Kg7 $15) 21... Rxb1 22. Rxb1) 20... Nxe5 $1 $15 21. fxe5 Qf2+ $1 22. Kh1 {[#] Rf1 is the strong threat.} Re2 23. exd6 Qxe3 24. Qxe3 Rxe3 25. Bc6 (25. c4 $15) 25... Rd8 $17 26. d7 Bxd3 27. Rd2 Kf8 28. Kg1 {and if Kf2 works, White does fine.} Bc4 29. Rc1 Ke7 30. Kf2 Re5 31. Rb1 Bd5 32. Bb5 g5 33. c4 Bb7 34. Rb3 Re4 35. Rc3 f5 36. Rc1 (36. Re3 $17 {was worth a try.}) 36... h5 $19 37. Re1 h4 38. Rxe4 hxg3+ ({Stronger than} 38... fxe4 39. gxh4 gxh4 40. Ke3 $11) 39. hxg3 Bxe4 {[%mdl 4096] Endgame KRB-KRB} 40. Ke3 Rh8 41. Ba4 Bb7 42. Bb5 $2 {[#]} (42. Rd1) 42... f4+ $1 {[%mdl 512] Black is clearly winning.} 43. gxf4 Rh3+ 44. Kf2 Rh2+ 45. Ke1 Rxd2 46. Kxd2 gxf4 47. Ke2 Be4 48. Kf2 e5 {Accuracy: White = 63%, Black = 100%.} 0-1

[Event "Zalakaros Barczay Memorial 2020"]
[Site "Zalakaros"]
[Date "2020.09.01"]
[Round "2.4"]
[White "Pasti, Aron"]
[Black "Bereczki, Janos"]
[Result "1-0"]
[WhiteElo "2270"]
[BlackElo "2099"]
[Annotator "TA"]
[PlyCount "63"]
[EventDate "2020.08.31"]
[EventType "swiss"]
[EventCountry "HUN"]
[SourceTitle "playchess.com"]
[Source "ChessBase"]
[SourceQuality "1"]

{[%evp 19,63,12,17,0,0,18,14,27,74,68,58,41,31,27,37,36,45,38,70,65,108,22,77,80,82,35,35,24,20,20,25,35,22,0,182,171,164,170,418,451,538,487,613,578,606,521]} 1. e4 e6 2. d4 d5 3. Nc3 dxe4 4. Nxe4 Nd7 5. Nf3 Ngf6 6. Bd3 Nxe4 7. Bxe4 Nf6 8. Bd3 Be7 9. Qe2 O-O 10. Bd2 b6 11. c4 {C10: French with 3 Nc3: Unusual Black 3rd moves and 3...dxe4.} Bb7 12. Bc3 c5 13. dxc5 {The position is equal.} bxc5 14. O-O-O {aiming for Bxh7+!} Qc7 {[#]} 15. Kb1 $146 ({Predecessor:} 15. Ne5 Rad8 16. h4 Nd7 17. f4 Nxe5 18. Bxe5 Bd6 19. Rhe1 Bxe5 20. Qxe5 Qxe5 21. Rxe5 Bxg2 22. Rxc5 {1-0 (38) Garma,C (2347)-Chung,S (1828) Beijing 2008}) 15... Qf4 16. Be5 Qg4 17. Rhg1 Be4 18. h3 Bxd3+ 19. Qxd3 Qe4 20. Rge1 (20. Qxe4 $16 Nxe4 21. Rd7) 20... Qxd3+ (20... Qb7 $11) 21. Rxd3 $16 Rfd8 22. Red1 Ne4 23. Kc2 Nxf2 24. Rxd8+ Rxd8 25. Rxd8+ Bxd8 $11 {[%mdl 4096] Endgame KBN-KBN} 26. Nd2 Bf6 $2 {[#]} (26... Bg5 $1 $11) 27. Bd6 $18 {[%mdl 1024] White has strong compensation.} Bd4 28. b4 {[%cal Bb2b4,Bb4b5][%mdl 32]} f5 $2 (28... Be3) 29. b5 Kf7 {White is clearly winning.} 30. Bb8 Ke7 31. Bxa7 Kd6 32. Nb3 {Accuracy: White = 83%, Black = 47%.} 1-0

[Event "Zalakaros Barczay Memorial 2020"]
[Site "Zalakaros"]
[Date "2020.09.01"]
[Round "2.5"]
[White "Jeszenszky, Jozsef"]
[Black "Leszko, Bence"]
[Result "1/2-1/2"]
[WhiteElo "2048"]
[BlackElo "2305"]
[Annotator "TA"]
[PlyCount "95"]
[EventDate "2020.08.31"]
[EventType "swiss"]
[EventCountry "HUN"]
[SourceTitle "playchess.com"]
[Source "ChessBase"]
[SourceQuality "1"]

{[%evp 9,95,15,35,0,19,0,36,47,39,33,62,33,70,71,75,73,75,63,72,60,58,79,569,569,569,551,569,569,569,569,562,562,550,371,529,525,537,506,628,525,546,553,570,547,556,540,569,561,576,576,561,552,597,0,775,633,666,658,592,0,471,470,462,436,441,440,439,430,436,409,410,364,452,452,449,443,404,417,626,619,620,212,208,0,589,0,200,0]} 1. d4 e6 2. c4 Bb4+ 3. Nc3 f5 4. Qc2 Nf6 5. e3 b6 6. Nge2 {A85: Dutch Defence: 2 c4 Nf6 3 Nc3.} Bb7 7. a3 (7. Bd2 {is interesting.} O-O 8. f3 Bd6 9. O-O-O c5 10. Ng3) 7... Bxc3+ (7... Bd6 {keeps more tension.} 8. Ng3 O-O 9. Bd2 h5 10. Nge2 c5) 8. Nxc3 {White is slightly better.} O-O 9. f3 d6 10. Be2 {[#]} a5 $146 ({Predecessor:} 10... c5 11. O-O Nc6 12. Rd1 Qe8 13. dxc5 dxc5 14. Bd2 Qg6 15. Be1 Qg5 {½-½ (87) Biriukov,O (2378)-Barbitskij,A (2230) St Petersburg 2002}) 11. O-O Nbd7 12. b3 Qe7 13. Bb2 e5 14. Qxf5 exd4 15. exd4 Ne4 $2 {[%mdl 8192]} (15... Qe3+ $16 {is more resistant.} 16. Rf2 Qxd4) 16. Nd5 $18 {[%mdl 64] [#] Double Attack} Qg5 17. Qxe4 Rae8 18. Qc2 Bxd5 19. cxd5 Qe3+ 20. Rf2 Nf6 21. Qc3 Qf4 (21... Qxf2+ $142 22. Kxf2 Ne4+ 23. Kf1 Nxc3 24. Bxc3 g5) 22. g3 Qh6 23. Raf1 Kh8 24. Bc4 Re7 25. Re1 Ref7 26. Rfe2 Qh3 27. Rg2 Nh5 28. Re3 Nf6 29. Qe1 Qf5 30. Bd3 Qh5 31. Bc4 $2 (31. g4 $18 Qg5 32. Bc1) 31... h6 $2 {[%mdl 8192]} (31... Qf5 $11 32. g4 Qd7) 32. Bc1 Qf5 33. Bd3 Qd7 34. Bc4 $2 ({Better is} 34. Re6 $18) 34... b5 $2 {[%mdl 8192]} (34... Qf5 $1 $11 {and Black has nothing to worry.} 35. g4 Qb1) 35. Be2 Nxd5 36. Rd3 b4 37. axb4 axb4 38. Bd2 Re8 39. Qa1 Qf5 {intending ...Rxe2.} 40. Qa5 Rxe2 41. Rxe2 Qxd3 42. Re8+ ({Stronger than} 42. Qxd5 Qxe2 43. Qxf7 Qxd2 $11) 42... Kh7 43. Qxd5 Rxf3 (43... Qxf3 $142 44. Qxf3 Rxf3) 44. Qg8+ Kg6 {[%csl Gf3][%cal Rd3f1] [#]} 45. Qe6+ $2 (45. Re6+ Kh5 46. Qe8+ g6 47. Re2 Qxd4+ 48. Kg2) 45... Kh7 {[%csl Gf3][%cal Rd3f1]} 46. Qg8+ $2 (46. Qe4+ Qxe4 47. Rxe4) 46... Kg6 {[%csl Gf3][%cal Rd3f1]} 47. Qe6+ $2 (47. Re6+ Kh5 48. Qe8+ g6 49. Re2 {[%mdl 64] Decoy}) 47... Kh7 {[%csl Gf3][%cal Rd3f1]} 48. Qg8+ $2 {Accuracy: White = 61%, Black = 52%.} ({White should try} 48. Qe4+ $18 Qxe4 49. Rxe4) 1/2-1/2

[Event "Zalakaros Barczay Memorial 2020"]
[Site "Zalakaros"]
[Date "2020.09.01"]
[Round "2.6"]
[White "Metaxasz, Vaszilisz"]
[Black "Pasztor, Ferenc"]
[Result "1/2-1/2"]
[WhiteElo "2039"]
[BlackElo "2231"]
[Annotator "TA"]
[PlyCount "46"]
[EventDate "2020.08.31"]
[EventType "swiss"]
[EventCountry "HUN"]
[SourceTitle "playchess.com"]
[Source "ChessBase"]
[SourceQuality "1"]

{[%evp 9,46,0,12,2,26,27,29,27,32,27,76,97,98,88,105,87,74,89,87,86,183,75,180,42,127,70,206,119,340,306,415,347,355,357,531,43,20,26,117]} 1. c4 Nf6 2. Nc3 g6 3. e4 d6 4. g3 c5 5. Bg2 Nc6 6. Nge2 {A16: English Opening: 1...Nf6 with ...d5.} e5 7. d3 Be6 8. O-O Bg7 9. Nd5 Bxd5 10. cxd5 Ne7 {[#]} 11. f4 $146 ({Predecessor:} 11. Qa4+ Qd7 12. Qxd7+ Nxd7 13. Rb1 b5 14. Nc3 b4 15. Nb5 O-O 16. Nxd6 Rab8 17. Nc4 {0-1 (40) Santos,R (1288)-Peruzza,B (1757) Sao Joao del Rei 2020}) 11... Nd7 12. f5 gxf5 13. exf5 h5 14. Nc3 Qb6 {[#]} (14... Bh6 $16 {keeps fighting.}) 15. Kh1 (15. f6 $1 $18 {[%mdl 512] is more deadly.} Nxf6 16. Qa4+ Kf8 17. Bg5) 15... O-O-O {[#]} (15... f6 $16) 16. Qe2 (16. f6 $1 $18 {[%cal Rf6g7][%mdl 512]} Nxf6 17. Bg5) 16... Rdg8 {[#]} ({Black should play} 16... f6 $14) 17. Rb1 (17. f6 $1 $16 {[%mdl 512]} Bxf6 (17... Nxf6 18. Bg5) 18. Bh3) 17... a5 {[#]} (17... Kb8 $14) 18. a3 ({White should try} 18. f6 $1 $18 {[%cal Rf6e7][%mdl 512]} Bxf6 (18... Nxf6 19. Bg5) 19. Bh3) 18... Qb3 $2 (18... h4 $16 {is a better defense.}) 19. Ne4 $18 Nxd5 20. Nxd6+ {[%mdl 64] Double Attack} Kc7 21. Nc4 Nc3 (21... h4 {was worth a try.} 22. Bxd5 hxg3) 22. Nxa5 $2 (22. bxc3 $18 Qxb1 23. f6 Bxf6 24. Bb2) 22... Nxe2 $14 23. Nxb3 Nxc1 {Accuracy: White = 50%, Black = 29%.} (23... h4 $11 {remains equal.}) 1/2-1/2

[Event "Zalakaros Barczay Memorial 2020"]
[Site "Zalakaros"]
[Date "2020.09.01"]
[Round "2.7"]
[White "Hardicsay, Peter"]
[Black "Molnar Gabor, Roland"]
[Result "1/2-1/2"]
[WhiteElo "2196"]
[BlackElo "2051"]
[Annotator "TA"]
[PlyCount "47"]
[EventDate "2020.08.31"]
[EventType "swiss"]
[EventCountry "HUN"]
[SourceTitle "playchess.com"]
[Source "ChessBase"]
[SourceQuality "1"]

{[%evp 14,47,39,32,42,37,46,9,22,-27,18,-12,26,-22,-10,-33,-21,-41,-22,-70,-39,-68,-14,-12,-20,-1,22,0,-8,-50,-32,-59,0,0,0,-3]} 1. e4 c6 2. d4 d5 3. Nd2 dxe4 4. Nxe4 Nf6 5. Nxf6+ exf6 6. c3 Bd6 7. Bd3 O-O 8. Qc2 Re8+ {B15: Caro-Kann: 3 Nc3: 3...g6 and 3...dxe4 4 Nxe4 Nf6 5 Nxf6+ exf6.} 9. Ne2 h5 10. h3 Nd7 {[%cal Bb8d7,Bd7f8,Bf8g6][%mdl 32]} 11. g4 h4 12. Be3 {[#]} Qa5 $146 ({Predecessor:} 12... Nf8 13. c4 Bb4+ 14. Kf1 b5 15. b3 bxc4 16. bxc4 Bd6 17. Rb1 Qc7 18. Kg2 Ne6 {1-0 (52) Saric,I (2690)-Shimanov,A (2610) chess.com INT 2019}) 13. Be4 Nf8 14. O-O Qc7 (14... Be6 {looks sharper.} 15. b3 Re7 16. c4 Rae8 17. Bd3 Qc7) 15. Bg2 Ng6 16. Rad1 Bd7 17. c4 Rad8 (17... Qc8 $1 $15 18. d5 c5) 18. c5 $11 Bh2+ 19. Kh1 Nf4 20. Bxf4 Bxf4 21. Nc3 Qc8 22. d5 cxd5 ({Better is} 22... f5 $15 23. dxc6 bxc6) 23. Nxd5 Bb8 24. b4 {Accuracy: White = 51%, Black = 74%.} 1/2-1/2

[Event "Zalakaros Barczay Memorial 2020"]
[Site "Zalakaros"]
[Date "2020.09.01"]
[Round "2.8"]
[White "Balogh, Marton"]
[Black "Meszaros, Andras"]
[Result "0-1"]
[WhiteElo "1958"]
[BlackElo "2203"]
[Annotator "TA"]
[PlyCount "88"]
[EventDate "2020.08.31"]
[EventType "swiss"]
[EventCountry "HUN"]
[SourceTitle "playchess.com"]
[Source "ChessBase"]
[SourceQuality "1"]

{[%evp 9,88,9,17,2,47,10,7,7,11,-7,-16,-1,-3,-2,-16,-4,25,1,0,-31,-34,-30,-29,-37,-42,-39,-37,-43,-37,-37,-37,-44,-44,-45,-44,-45,-46,-50,-50,-56,-56,-93,-106,-200,-202,-197,-189,-196,-197,-189,-207,-213,-202,-295,-180,-239,-242,-244,-220,-297,-299,-327,-314,-335,-335,-335,-327,-364,-340,-427,-383,-887,-880,-812,-775,-1126,-1051,-1071,-1009,-29982,-29983]} 1. d4 Nf6 2. Bf4 g6 3. e3 Bg7 4. Nf3 b6 5. Be2 Bb7 6. c4 {A48: 1 d4 Nf6 2 Nf3 g6: Torre, London and Colle Systems.} c5 7. Nc3 cxd4 8. exd4 {The position is equal.} O-O 9. O-O d5 10. Ne5 dxc4 11. Bxc4 e6 {[#]} 12. Re1 $146 ({Predecessor:} 12. Bg5 h6 13. Bh4 Nc6 14. Nxc6 Bxc6 15. Qd3 Qd7 16. Rad1 Nd5 17. Bg3 Rfd8 18. Rfe1 {1-0 (46) Dreev,A (2560)-Blees,A (2405) Bern 1993}) 12... Nd5 13. Qf3 Nc6 {[%cal Bb8c6,Bc6e7,Be7d5][%mdl 32]} 14. Rad1 {[%cal Rc4d5]} ({Of course not} 14. Nxd5 Nxd4 15. Qe4 exd5 $17) (14. Bxd5 {with more complications.} exd5 15. Qd3 Rc8 16. Qd2 a5 17. Nxc6 Bxc6 18. Bh6) 14... Nce7 15. Nxd5 Bxd5 16. Bxd5 Qxd5 17. Qxd5 Nxd5 18. Bd2 f6 19. Nd3 Kf7 20. Rc1 Rac8 21. a3 Rfd8 22. Rxc8 Rxc8 23. Rc1 Rxc1+ 24. Bxc1 $15 {[%mdl 4096] Endgame KBN-KBN} Ke7 25. Bd2 {Black converts the advantage convincingly.} Kd6 26. f4 (26. Kf1 $17) 26... Nc7 $19 27. Kf2 Kd5 28. Be3 Kc4 29. Ke2 Bf8 30. Nc1 Nb5 31. b3+ (31. g3 $142) 31... Kd5 32. Kd3 (32. a4 {was called for.} Nxd4+ 33. Kd3) 32... Bxa3 33. Ne2 Bb2 34. g4 f5 35. h3 a5 36. Bg1 Ba3 37. Bf2 Bb4 38. Be3 Nd6 39. Ng3 Ne4 40. Nxe4 $2 {[#]} (40. Ne2) 40... fxe4+ 41. Kc2 Bf8 42. Kc3 Bg7 43. h4 b5 44. b4 {[#]} Bxd4+ $1 {[%mdl 512] Accuracy: White = 52%, Black = 90%.} 0-1